[Event "City of Adelaide"]
[Site "Adelaide"]
[Date "1999.07.20"]
[Round "1.5"]
[White "Rigo, Bernard"]
[Black "Vitols, Wassim"]
[Result "1-0"]
[WhiteElo "1694"]
[BlackElo "904"]
[Annotator "Fritz 5.00"]
[PlyCount "61"]
[EventDate "1999.07.20"]
[EventType "swiss"]
[EventRounds "9"]
[EventCountry "AUS"]

1. e4 e6 2. d4 d5 3. Nd2 c5 {French Defence (Tarrasch Variation)} 4. exd5 (4.
Ngf3 Nc6 5. exd5 exd5 6. Bb5 Bd6 7. dxc5 Bxc5 8. O-O Nge7 9. Nb3 Bb6 10. Re1
O-O 11. Be3 Bxe3 12. Rxe3 Bg4 13. h3 Bh5 14. Qd2 Bxf3 15. Rxf3 Ne5 16. Re3 N7g6
17. Qd4 a6 18. Bf1 Nc6 19. Qd2 Qf6 20. c3 Rad8 21. Rd3 d4 22. cxd4 Nf4 23. Rf3
Nxd4 24. Qxf4 Nxf3+ 25. Qxf3 Qxb2 26. Qxb7 Rd6 27. Bxa6 Rf6 28. f3 h6 29. Bf1
Re8 30. Qa7 Rc8 31. Qd4 Rc3 32. Qd8+ Kh7 33. Bd3+ Rxd3 34. Qxd3+ Rg6 35. Qd2 {
1-0 Slobodjan,R-Casper,T/BL9697 Magdeburg-Erfurt 1997/BL9697}) 4... exd5 5.
Ngf3 cxd4 (5... Bg4 6. dxc5 Bxc5 7. Bb5+ Nc6 8. O-O Nge7 9. h3 Bh5 10. Nb3 Bb6
11. c3 O-O 12. Bf4 Ng6 13. Bg3 Nge5 14. Be2 Bxf3 15. Bxf3 Nxf3+ 16. Qxf3 Qg5
17. Rad1 Rad8 18. Rd3 Ne5 19. Bxe5 Qxe5 20. Rfd1 Rfe8 21. Nd4 Bc7 22. g3 Rd6
23. Re3 Rf6 24. Rxe5 Rxe5 25. Qg4 Bd6 26. Qc8+ Bf8 27. Rd2 Re1+ 28. Kg2 h5 29.
Qxb7 g5 30. Qxd5 Bh6 31. Re2 Rxe2 32. Nxe2 {
1-0 Moseki,G-Jenkins,D/Moscow olm 1994/EXP 44}) (5... Nc6 6. Bb5 cxd4 (6... Bd6
7. dxc5 Bxc5 8. O-O Nge7 9. Nb3 Bd6 10. Re1 O-O 11. Bg5 Qc7 12. c3 a6 13. Bd3
Bg4 14. h3 Bh5 15. Be2 Bg6 16. Nfd4 Rfe8 17. Bd3 Ne5 18. Bxg6 hxg6 19. Re2 Nc4
20. Qc2 {1/2-1/2 Svidler,P-Andersson,U/Ter Apel 1996/TUR 96}) 7. Qe2+ Qe7 8.
Ne5 Bd7 9. Bxc6 bxc6 10. O-O Kd8 11. Nb3 f6 12. Bg5 fxg5 13. Na5 Qe8 14. Rfe1
Kc7 15. Qf3 Bb4 16. Qg3 Bd6 17. c4 Nf6 18. Naxc6 Ne4 19. Rxe4 dxe4 20. c5 Bxe5
21. Nxe5 Kc8 22. Nc4 Qe7 23. Nd6+ Kd8 24. Qb3 Bc6 25. Qc4 Qf6 {
0-1 Svidler,P-Dolmatov,S/Haifa 1995/TUR 95}) 6. Nxd4 $146 (6. Nb3 Nc6 7. Nfxd4
Nf6 8. Be2 Be7 9. O-O O-O 10. Bf4 Ne4 11. c4 Bf6 12. Be3 dxc4 13. Bxc4 Ne5 14.
Be2 Bd7 15. Rc1 Re8 16. Nb5 Nc6 17. Nc5 Nxc5 18. Rxc5 Re5 19. b3 Be6 20. Qxd8+
Rxd8 21. Rd1 Rxd1+ 22. Bxd1 Rxc5 23. Bxc5 b6 24. Bd6 Bd7 25. Bf3 a5 26. a4 {
1/2-1/2 Wahls,M-Dolmatov,S/BL9192 1992/BL 90}) 6... Bc5 7. N2b3 Bxd4 8. Nxd4 {
A sound move} Nf6 9. Be2 (9. Qe2+ Qe7 $14) 9... O-O (9... Qb6 10. c3 $14) 10.
O-O Nbd7 11. Bf4 Nc5 12. Nb5 Bf5 $16 (12... Bd7 $142 $5 $14 {
should be examined more closely}) 13. Bd6 Na6 (13... Qb6 14. Bxf8 Rxf8 15. a4
$18) 14. Bxf8 Qxf8 15. c3 Qc5 (15... Nc5 16. Re1 $18) 16. Qd4 (16. Nd4 Bg6 $18)
16... Qe7 (16... Re8 17. b4 Qxd4 18. Nxd4 $18) 17. Bf3 (17. Rfe1 Nc5 $18) 17...
b6 {White gets strong play along the open d-file} 18. Bxd5 Rd8 19. c4 Nb4 (
19... Be6 20. Rad1 Nxd5 21. cxd5 Rxd5 22. Qa4 $18) 20. Rad1 (20. Nxa7 Qc7 (
20... Nbxd5 $4 {Black must leave the bishop standing} 21. Nc6 (21. cxd5 $6 Qxa7
22. d6 Ne8 $11) 21... Qc7 22. Nxd8 $18 (22. cxd5 $6 {
is the less attractive alternative} Qxc6 23. dxc6 Rxd4 $16)) 21. Nb5 Qb8 $18)
20... Nfxd5 21. Nc3 Be6 22. cxd5 (22. Rfe1 Qf8 23. Nxd5 Bxd5 $18) 22... Nxd5
23. Rfe1 Qc7 $4 {leading to a quick end} (23... Qf8 $18) 24. Re5 (24. Nxd5 $142
$5 {seems even better} Bxd5 25. Qxd5 Rf8 $18) 24... Qb7 (24... Qc6 {
cannot change destiny} 25. Nxd5 Kh8 26. Qc3 Qxc3 27. Nxc3 Rxd1+ 28. Nxd1 $18)
25. Nxd5 {Threatening mate: Nf6} Bxd5 26. Rxd5 {Threatening mate... how?} Rxd5
27. Qxd5 {Do you see the mate threat?} Qxd5 28. Rxd5 Kf8 29. Rd7 a5 30. Kf1 Ke8
31. Rb7 (31. Rb7 a4 32. Rxb6 $18) 1-0

[Event "City of Adelaide"]
[Site "Adelaide"]
[Date "1999.07.27"]
[Round "2.1"]
[White "Rigo, Bernard"]
[Black "Kerr, Bill"]
[Result "0-1"]
[WhiteElo "1694"]
[BlackElo "1912"]
[Annotator "Fritz 5.00"]
[PlyCount "56"]
[EventDate "1999.07.20"]
[EventType "swiss"]
[EventRounds "9"]
[EventCountry "AUS"]

1. e4 e5 2. Nf3 d6 {Philidor's Defence} 3. d4 Nd7 4. Bc4 c6 5. dxe5 (5. Ng5 Nh6
6. a4 exd4 7. Qxd4 Ne5 8. Be2 Be7 9. Nf3 Nhg4 10. O-O O-O 11. Nc3 f5 12. Nxe5
Nxe5 13. Rd1 f4 14. f3 Qe8 15. Bf1 Qg6 16. Kh1 Qh5 17. Ne2 g5 18. Qg1 Nxf3 19.
Nxf4 Rxf4 20. gxf3 Rxf3 21. Be2 Bg4 22. Rd3 Raf8 23. Raa3 h6 24. Rxf3 Rxf3 25.
Qg2 Rxa3 26. Bxg4 Qh4 27. bxa3 Qe1+ 28. Qg1 {
1/2-1/2 Kraut,R-Miltner,A/BL9697 Eppingen-Duisburg 1997/BL9697}) (5. O-O Be7 6.
dxe5 (6. Nc3 Ngf6 7. a4 O-O 8. Re1 Qc7 9. h3 b6 10. b3 Bb7 11. Bb2 a6 12. Bd3
Rfe8 13. Ne2 Bf8 14. Ng3 g6 15. c4 exd4 16. Bxd4 Bg7 17. Qc2 c5 18. Bc3 {
1/2-1/2 Ramesh,R-Murshed,N/Sakthi 1996/TUR 96}) 6... dxe5 7. Ng5 Nh6 8. Ne6
fxe6 9. Bxh6 O-O 10. Qg4 Bf6 11. Bxe6+ Kh8 12. Be3 Qe7 13. Nd2 Re8 14. Bb3 Nc5
15. Qe2 Ne6 16. Rad1 Nd4 17. Bxd4 exd4 18. f4 g5 19. Qh5 gxf4 20. Rxf4 Be6 21.
Rdf1 Bg7 22. Nf3 Bxb3 23. axb3 h6 24. Nh4 Qg5 25. Qd1 Re6 26. Rg4 Qe3+ 27. Kh1
Rxe4 28. Nf5 Qe2 29. Rxe4 Qxe4 30. Nxg7 Kxg7 31. Re1 Qf4 32. Re7+ Kh8 33. g3
Qf6 34. Re4 c5 35. Kg1 Rf8 36. Qe2 Qg5 37. Re5 Qg6 38. Rxc5 Qd6 39. Re5 d3 40.
cxd3 {1-0 Akopian,V-Radulov,I/Cannes op 1993/TD 93\04}) 5... dxe5 6. O-O $146 (
6. Ng5 Nh6 7. h4 (7. h3 Qf6 8. Be3 Bc5 9. Qd2 O-O 10. Nc3 Qe7 11. a4 a5 12. Rd1
Kh8 13. O-O Bxe3 14. Qxe3 Nc5 15. f4 f6 16. Nf3 exf4 17. Qxf4 Be6 18. Bxe6 Nxe6
19. Qd6 Qxd6 20. Rxd6 Nc5 21. Rd4 Nf7 {
Andre,W-Autenrieth,M/OLNW 9293 1993/BIG 90/1/2-1/2 (31)}) 7... Bc5 8. Qe2 Nb6
9. Bb3 Qe7 10. a4 a5 11. Be3 O-O 12. Nd2 Nd7 13. Nf1 Bxe3 14. Nxe3 Qb4+ 15. Kf1
Nc5 16. Ra3 Nxb3 17. Rxb3 Qxa4 18. Ra3 Qb4 19. c3 Qe7 20. c4 f6 21. Nf3 Be6 22.
Nd2 Rfd8 23. g4 Qb4 24. Rc3 Qxb2 25. Rc2 Qa1+ 26. Kg2 Qa3 27. g5 Nf7 28. Nf5
Bxf5 29. exf5 Qd3 30. Qxd3 Rxd3 31. gxf6 gxf6 32. Ne4 Nh6 33. Rb2 Rf8 34. Rxb7
Nxf5 35. Nc5 Rd6 36. h5 Rf7 37. Rb8+ Kg7 38. Ra1 Kh6 39. Rg8 Rg7+ 40. Rxg7 Nxg7
41. Rxa5 Rd4 42. Ra4 Kxh5 43. f3 Nf5 44. Ne4 Kg6 {
0-1 Braeunlin,H-Theel,T/BL2-SW 1990/BL2}) 6... Qc7 7. a4 Be7 8. Nbd2 Nf8 9. Rb1
h5 (9... Ng6 10. b4 $11) 10. b4 Rh6 11. Bb2 Bf6 12. Bb3 Bg4 13. Nc4 {
e5 draws heavy fire. White inhibits 0-0-0} Rd8 14. Qe2 Ne6 15. Qe3 Bxf3 16.
Qxf3 Ne7 17. Rbd1 Ng6 18. Rxd8+ Bxd8 19. Qf5 Qe7 20. Nxe5 Nh4 $16 (20... Nxe5
21. Bxe5 g6 22. Qf3 $16) 21. Qh3 Nf4 $18 (21... Qxb4 22. g3 $16) 22. Qc8 Rd6
23. g3 $14 (23. Bxf7+ $142 {White has the better game} Kf8 24. b5 $18) 23...
Ne2+ $16 (23... f6 24. Bf7+ Kf8 25. gxf4 (25. gxh4 $143 fxe5 26. Bc4 Qxh4 $17)
25... fxe5 26. Bxh5 exf4 27. Qg4 $16) 24. Kh1 f6 25. f4 $4 $17 {
ignoring the path to victory} (25. Bf7+ $142 {a pity that White didn't try this
} Kf8 26. Bxh5 (26. gxh4 fxe5 27. Bxh5 Nf4 $18) 26... fxe5 27. Bxe2 $18 (27.
gxh4 $6 Nf4 28. Bg4 g6 $18)) 25... fxe5 26. fxe5 (26. gxh4 Qxh4 $1 {
sealing the opponent's fate} (26... Nxf4 {is clearly weaker} 27. Qf5 Rd2 28.
Qxe5 (28. Bxe5 $4 Rxh2+ 29. Kxh2 Qxh4+ 30. Kg1 Qg3+ 31. Kh1 Qg2#) 28... Qxe5
29. Bxe5 $16) (26... exf4 $6 27. Qf5 g6 28. Qe5 $15) 27. Bxe5 Rg6 $17) 26...
Rd7 27. gxh4 $4 $19 {forfeits the clear win} (27. Bc4 $142 {saving the game}
Qxb4 28. e6 $11) 27... Qxh4 28. Be6 (28. Bf7+ {is the last straw} Ke7 $1 {
an unpleasant surprise} 29. Bd5 Ng3+ 30. Kg2 Nxf1 31. Bd4 Qg4+ 32. Kf2 Qf4+ 33.
Ke1 Qd2+ 34. Kxf1 Qd1+ 35. Kg2 Qxc2+ 36. Kf3 Qd3+ 37. Kg2 Qxd4 38. a5 $19)
28... Qxe4+ (28... Qxe4+ 29. Rf3 {White cannot hold on to the material} Qxf3#)
0-1

[Event "City of Adelaide"]
[Site "Adelaide"]
[Date "1999.07.27"]
[Round "2.2"]
[White "Sheldrick, Kevin"]
[Black "Thiyagarajah, Anand"]
[Result "1-0"]
[WhiteElo "1860"]
[BlackElo "1115"]
[Annotator "Fritz 5.00"]
[PlyCount "43"]
[EventDate "1999.07.20"]
[EventType "swiss"]
[EventRounds "9"]
[EventCountry "AUS"]

1. e4 e5 2. Nc3 Nc6 3. Bc4 {Vienna Game} d6 4. d3 Nf6 $146 (4... Be6 5. Nge2 (
5. Bxe6 fxe6 6. f4 Qd7 7. Nf3 exf4 8. Bxf4 O-O-O 9. O-O Nf6 10. a3 Be7 11. b4
e5 12. Be3 Ng4 13. Qd2 Nxe3 14. Qxe3 Kb8 15. b5 Nd4 16. Nxd4 exd4 17. Qxd4 Bf6
18. Qc4 c6 19. bxc6 Qxc6 {
Lendwai,R-Janetschek,K/AUT BL 1990/TD 90\04/1/2-1/2 (39)}) 5... Qd7 6. O-O Na5
7. Bxe6 fxe6 8. f4 exf4 9. Nxf4 O-O-O 10. Be3 b6 11. b4 Nc6 12. a4 Nxb4 13. a5
b5 14. Bxa7 Kb7 15. Be3 c6 16. a6+ Ka8 17. d4 d5 18. Nd3 Nxd3 19. Qxd3 Bb4 20.
e5 Rf8 21. Na2 {1-0 Strobel,W-Radic,P/BL 8182 1982/BL 80}) (4... Na5 5. Nge2
Nxc4 6. dxc4 Be6 7. Qd3 Qd7 8. Ng3 g6 9. f4 f6 10. O-O Bg7 11. f5 Bf7 12. Be3
Qc6 13. Nd5 g5 14. b4 b6 15. c5 dxc5 16. bxc5 Bf8 17. cxb6 axb6 18. a4 Ra5 19.
Rfd1 {Lang,J-Erler,R/2.BLN9697 Anhalt-Kreuzberg 1996/BL2-N/1-0 (39)}) (4... g6
5. f4 exf4 6. Bxf4 Bg7 7. Nf3 Na5 8. Bb3 Nxb3 9. axb3 Nf6 10. O-O O-O 11. Qd2
Re8 12. Bg5 Qd7 13. Bxf6 Bxf6 14. Nd5 Bg7 15. Ng5 Rf8 16. Nf6+ Bxf6 17. Rxf6 h6
18. Nxf7 Rxf7 19. Rxg6+ Rg7 20. Qxh6 Rxg6 21. Qxg6+ Qg7 22. Qe8+ Qf8 23. Qg6+
Qg7 24. Qe8+ Qf8 25. Qh5 Qg7 26. Qe8+ Qf8 {
1/2-1/2 Leiser,S-Rohel,M/OLWuert 1990/GER 01}) 5. f4 g6 $146 (5... Na5 6. f5
Nxc4 7. dxc4 g6 8. g4 gxf5 9. gxf5 b5 10. cxb5 d5 11. Bg5 d4 12. Bxf6 Qxf6 13.
Nd5 Qh4+ 14. Kf1 Bb7 15. Qe1 Qh6 16. c4 Bxd5 17. exd5 O-O-O 18. Qxe5 Rg8 19.
Qxd4 Rg5 20. Qxa7 Rxf5+ 21. Ke2 Re8+ 22. Kd3 Rf6 23. Rd1 Rb6 24. d6 Qe3+ 25.
Kc2 Qe4+ 26. Kb3 Bxd6 27. Rd5 Qe3+ 28. Ka4 Re4 29. Qa8+ Kd7 30. Rxd6+ Rxd6 31.
b3 Qd3 32. Nh3 Rxc4+ 33. Ka3 Rdd4 34. Nf2 Ra4+ 35. Qxa4 Rxa4+ 36. Kxa4 Qd4+ 37.
b4 Qxf2 38. Rd1+ Kc8 39. Rc1 Qxa2# {
0-1 Morvay,M-Martynov,P/Budapest Spring op 1991/TD 91\05}) (5... Be7 6. Nf3 O-O
7. a3 exf4 8. Bxf4 Ne5 9. Nxe5 dxe5 10. Bxe5 Ng4 11. Bf4 Bh4+ 12. g3 Bf6 13.
Qe2 c6 14. h3 Ne5 15. Bb3 Ng6 16. O-O-O Bd4 17. Rdf1 Qe7 18. Bd2 Be6 19. Bxe6
fxe6 20. Qg2 Qd6 21. Ne2 Be5 22. h4 Rxf1+ 23. Rxf1 Rf8 24. h5 Rxf1+ 25. Qxf1
Nf8 26. Bf4 c5 27. Qh3 b6 28. Qh4 h6 29. Qg4 Kf7 30. Kb1 a6 31. Ng1 Bxf4 32.
gxf4 Nd7 33. Nf3 Kf8 34. e5 Qd5 35. Nd2 b5 36. b3 a5 37. Qh4 Ke8 38. Ne4 Nf8
39. Nd6+ Kd7 40. Qg4 Qh1+ 41. Kb2 {1-0 Kuijf,M-Hedke,F/Groningen op 1995/EXP 50
}) 6. Nf3 Bg4 7. O-O $11 (7. Bb5 exf4 8. Bxf4 Bg7 $14) 7... Bg7 8. h3 Bxf3 9.
Qxf3 ({Not} 9. gxf3 Nh5 10. fxe5 Qh4 $17 (10... Bxe5 $143 11. f4 Bd4+ 12. Kh2
$15)) 9... Qd7 10. Qf2 h6 11. Be3 O-O 12. fxe5 Nxe5 13. Bxh6 $14 (13. Bb3 $5
$16) 13... Nfg4 14. hxg4 Bxh6 15. Nd5 Nxg4 16. Nf6+ Nxf6 17. Qxf6 Be3+ $2 $18 (
17... c6 $142 $5 18. Qxg6+ Bg7 $16) 18. Kh1 Qg4 {Threatening mate: Qh5} 19.
Bxf7+ Kh7 20. Rf3 Bh6 21. Rh3 g5 (21... Rae8 {
a last effort to resist the inevitable} 22. Rf1 Rd8 $18) 22. Qxh6# (22. Rxh6#)
1-0

[Event "City of Adelaide"]
[Site "Adelaide"]
[Date "1999.07.27"]
[Round "2.4"]
[White "Djelaj, Pasko"]
[Black "Brown, Cyril D"]
[Result "1-0"]
[WhiteElo "1701"]
[BlackElo "1272"]
[Annotator "Fritz 5.00"]
[PlyCount "79"]
[EventDate "1999.07.20"]
[EventType "swiss"]
[EventRounds "9"]
[EventCountry "AUS"]

1. d4 d5 2. Nf3 e6 3. c4 dxc4 {Queen's Gambit Accepted} 4. Nc3 (4. e3 Nf6 5.
Bxc4 c5 (5... a6 6. O-O c5 7. Bd3 cxd4 8. exd4 Be7 9. Nc3 b5 10. Bg5 Bb7 11.
Rc1 O-O 12. Re1 Nc6 13. a4 bxa4 14. Nxa4 Nb4 15. Be2 Nfd5 16. Bxe7 Nxe7 17. Nc5
Bd5 18. Ne5 Nf5 19. Qd2 a5 20. Qf4 Ra7 21. Red1 f6 22. Ned3 Nc6 23. Nxe6 Bxe6
24. Rxc6 Nxd4 25. Rxe6 Nxe6 26. Qc4 Qd6 27. Nf4 Qxf4 28. Qxe6+ Kh8 29. Bc4 a4 {
0-1 Volzhin,A-Sadler,M/London Lloyds 1991/TD 91\08}) 6. Qe2 (6. O-O a6 7. Bd3
cxd4 8. exd4 Be7 9. Ne5 O-O 10. Nc3 Nc6 11. Nxc6 bxc6 12. Bg5 a5 13. Rc1 Ba6
14. Bxa6 Rxa6 15. Qe2 Rb6 16. Be3 Nd5 17. Na4 Rb4 18. b3 Bf6 19. Rfd1 Ne7 20.
Nc5 Nf5 21. Ne4 Nxd4 22. Qd2 e5 23. f4 Ne6 24. Qf2 Qe7 25. Nxf6+ {
1/2-1/2 Gelfand,B-Huebner,R/Wijk 1996/TUR 96}) 6... a6 7. dxc5 Bxc5 8. O-O Nc6
9. a3 Bd6 10. Nbd2 O-O 11. Bd3 b5 12. Ne4 Nxe4 13. Bxe4 Bb7 14. Rd1 f5 15. Bb1
Qc7 16. a4 bxa4 17. Rxa4 Nb4 18. e4 a5 19. h3 Bc5 20. Be3 Bxe3 21. Qxe3 Rad8
22. Rc1 f4 23. Qc3 Qxc3 24. bxc3 Nd3 25. Bxd3 Rxd3 26. Ne5 Rd2 27. Rb1 Ba8 28.
f3 Rc2 29. c4 Rd8 30. Rxa5 h6 31. Ng6 Bc6 32. h4 Rxc4 33. Nxf4 Kf7 34. Rb6 Rd7
35. h5 Rb7 36. Rba6 Kf6 37. Kh2 Rc3 38. Ra8 Ke7 39. Rg8 Kf6 40. Ng6 Rf7 41. Ne5
Rc7 42. Rf8+ Ke7 43. Rf7+ {1-0 Topalov,V-Lautier,J/Amsterdam VSB 1996/TUR 96})
4... a6 5. a4 (5. e4 b5 6. a4 b4 7. Ne2 c5 8. d5 exd5 9. Nf4 Ne7 10. exd5 Ng6
11. Bxc4 Bd6 12. Nxg6 hxg6 13. O-O Nd7 14. Qe2+ Kf8 15. h3 Rh5 16. a5 Nf6 17.
Bg5 Bxh3 18. Bh4 Qd7 19. Bg3 Bxg2 20. Bxd6+ Kg8 {
0-1 Sosonko,G-Van der Sterren,P/NLD-ch 1996/TUR 96}) 5... Bb4 $146 (5... Nc6 6.
e4 (6. g3 Na5 7. Bf4 Nf6 8. e4 Bb4 9. Qc2 Nb3 10. Rd1 b5 11. Bg2 Bb7 12. e5 Nd5
13. O-O Nxc3 14. bxc3 Be7 15. h4 h6 16. Be3 Bd5 17. Ne1 O-O 18. Qe2 Qd7 19.
Bxd5 Qxd5 20. Ng2 Qe4 {Lobron,E-Lautier,J/Dortmund 1995/TUR 95/1-0 (44)}) (6.
e3 Nf6 7. Bxc4 Bb4 8. O-O O-O 9. Qc2 Bd6 10. Rd1 Nd7 11. Ne4 Qe7 12. Bd2 h6 13.
Ba2 Rd8 14. Rac1 Nf8 15. Bc3 Bb4 16. Ng3 Bxc3 17. Qxc3 Bd7 18. d5 Nb4 19. d6
Nxa2 20. dxe7 Nxc3 21. exd8=Q Rxd8 22. Rxc3 Rc8 23. Rdc1 c6 24. a5 f6 25. Ne4
Rc7 26. Nd6 e5 27. Rb3 c5 28. Rxb7 {1-0 Essing,A-Teich,U/NRW-II 1991/TD 91\01})
6... Na5 7. Be3 c5 8. Ne5 Nb3 9. Bxc4 Nxa1 10. d5 Nf6 11. Qxa1 exd5 12. Nxd5
Be6 13. a5 Bd6 14. Qa4+ Kf8 15. f4 Bxe5 16. fxe5 Nxd5 17. Bxd5 Bxd5 18. exd5
Qxd5 19. O-O Rd8 20. Qa3 Qxe5 21. Bxc5+ Kg8 22. b4 h5 23. Qf3 Rd7 24. Qf2 Kh7
25. Re1 Qd5 26. Qc2+ g6 27. Qf2 Rc8 28. h3 Kg8 29. Kh1 Rdd8 30. Qf6 Re8 31.
Rxe8+ Rxe8 32. Bd4 Re1+ 33. Kh2 Kf8 34. Qh8+ Ke7 35. Bf6+ Ke6 36. Qe8+ Kxf6 37.
Qh8+ Ke7 {0-1 Levitt,J-Sadler,M/Hastings Challengers 1991/EXP 26}) 6. Bf4 $15 (
6. e3 $5 $11) 6... Ne7 $11 (6... Nf6 $5 $15 {
should be investigated more closely}) 7. e3 $17 (7. e4 $5 $11 {
should be examined more closely}) 7... Nd5 8. Rc1 $17 (8. Qd2 Nxf4 9. exf4 Nd7
$15) 8... Nxf4 9. exf4 Nd7 $15 {Manoeuvre Nb8-d7-b6-d5} (9... b5 $5 $17) 10.
Bxc4 Nb6 11. Be2 $17 (11. Bb3 Qf6 $11) 11... Nd5 $15 {A sound move} (11... Qd6
12. O-O $17) 12. g3 {Covers f4} c6 {Consolidates b5} 13. O-O O-O 14. Ne4 $15 (
14. Qc2 h6 $11) 14... Be7 15. Ne5 Bf6 $11 (15... f6 $5 16. Nf3 Bb4 $15) 16. Bf3
Bxe5 $14 (16... Be7 $5 $11) 17. fxe5 {White gets more space} Ne7 18. Nd6 {
'the knight is the knight!'} Qc7 (18... Nf5 19. Nxf5 exf5 20. d5 cxd5 21. Qxd5
$14) 19. Be4 Bd7 20. b4 Qb8 21. Bc2 b5 (21... Nd5 22. Qd3 f5 23. exf6 $14) 22.
a5 {White gains space} Nf5 23. Ne4 {White gets in control} Qd8 (23... Rd8 24.
Qg4 $16) 24. Qd3 Kh8 25. g4 Nh4 26. f4 {White prepares the advance g5} Ng6 27.
Nc5 f5 28. exf6 Rxf6 29. g5 $15 (29. Qh3 $142 $5 $16) 29... Rf8 $16 (29... Rxf4
$142 {is the best option Black has} 30. Rxf4 Qxg5+ 31. Kh1 Qxf4 $15) 30. Qh3
Rf5 $18 (30... Kg8 $5 31. Bxg6 hxg6 $16) 31. Bxf5 exf5 32. Qg3 (32. Rce1 Be8
$18) 32... Qc7 33. Rcd1 Qd6 34. h4 Re8 (34... Be8 35. Rf2 $18) 35. h5 (35. Nxa6
Ne7 $18) 35... Nf8 36. Qf3 (36. Nxa6 Be6 $18) 36... Qd5 $2 (36... Be6 $142 $18)
37. Qxd5 {Threatening mate... how?} cxd5 38. Nxa6 Rc8 39. Nc5 (39. Rde1 $5 {
might be the shorter path} Kg8 $18) 39... Re8 (39... Be8 $18 {desperation}) 40.
Rde1 (40. Rde1 Rd8 41. Nxd7 Nxd7 42. Re7 $18) (40. Nxd7 $142 $5 {
seems even better} Nxd7 41. Rfe1 Rd8 $18) 1-0

[Event "City of Adelaide"]
[Site "Adelaide"]
[Date "1999.07.27"]
[Round "2.6"]
[White "Vitols, Wassim"]
[Black "Yang, Song"]
[Result "0-1"]
[WhiteElo "904"]
[BlackElo "1387"]
[Annotator "Fritz 5.00"]
[PlyCount "42"]
[EventDate "1999.07.20"]
[EventType "swiss"]
[EventRounds "9"]
[EventCountry "AUS"]

1. f4 c5 2. Nf3 {Bird's Opening} Nf6 (2... Nc6 3. b3 (3. g3 g6 4. Bg2 Bg7 5. d3
(5. O-O d5 6. d3 Nf6 7. c3 O-O 8. Qe1 d4 9. Na3 Be6 10. h3 Nd5 11. Bd2 Rb8 12.
Ng5 Bc8 13. Rc1 b6 14. g4 e6 15. Nc4 h6 16. Nf3 Bb7 17. Nfe5 Nde7 18. cxd4 Nxd4
19. b4 Bxg2 20. Kxg2 f6 21. Nf3 Rc8 22. bxc5 Rxc5 23. Nxd4 Qxd4 24. Bb4 Rc7 25.
Bc3 Qd7 26. Rf3 Rfc8 27. Bb2 b5 28. Ne3 Rxc1 29. Bxc1 f5 30. Bd2 Nc6 31. Rg3
Kh7 32. gxf5 exf5 33. h4 Bf6 34. Kh3 h5 35. Qg1 Qf7 36. Qg2 Nd4 37. Nd5 Rc2 38.
Nxf6+ Qxf6 39. Qb7+ Qg7 40. Qxg7+ Kxg7 41. Be1 Nxe2 42. Re3 Kf6 43. d4 Rxa2 44.
Re8 Nxf4+ 45. Kg3 Ne2+ {0-1 Beckman,T-Byrne,R/New York op 1994/EXP 40}) 5... d6
6. O-O e6 7. e4 Nge7 8. c3 O-O 9. Be3 f5 10. a4 b6 11. Na3 Qd7 12. Re1 Bb7 13.
Bf2 h6 14. Nc4 Rae8 15. Qb3 Nc8 16. exf5 gxf5 17. Re2 Nd8 18. d4 Bd5 19. dxc5
bxc5 20. Nh4 Bxg2 21. Nxg2 Nf7 22. Qb5 Qc7 23. Rae1 Nd8 24. a5 Ne7 25. Rd1 Nc8
26. Nh4 Nc6 27. a6 d5 28. Qb7 Qxb7 29. axb7 Nb6 30. Nd6 d4 31. Nxe8 Rxe8 32.
Nxf5 {1-0 Malaniuk,V-Gauglitz,G/Budapest Spring op 1990/EXP 17}) 3... e5 4.
fxe5 g5 5. g3 Bg7 6. Bg2 Nxe5 7. Nc3 Ng6 8. O-O g4 9. Ne1 N8e7 10. Nd3 O-O 11.
Nxc5 Qb6 12. N3a4 Qd6 13. c3 Nc6 14. Nd3 f5 15. Nab2 b5 16. a4 b4 17. cxb4 Bb7
18. Nc5 Bd4+ 19. e3 Bxc5 20. Nc4 Qc7 21. Bd5+ Kg7 22. bxc5 Nb4 23. Bb2+ Kh6 24.
Bxb7 Qxb7 25. Qe2 Qd5 26. Qg2 Qxc5 27. h3 Qd5 28. hxg4 fxg4 29. Bf6 Qh5 30. Nd6
Ne5 31. Bxe5 Qxe5 32. Qxa8 Rxf1+ 33. Rxf1 Qxg3+ 34. Qg2 Qxd6 35. Qh2+ Qxh2+ 36.
Kxh2 Kg5 37. Rf7 h5 38. Rg7+ Kh4 39. Rxd7 a5 40. Rg7 Nd3 41. e4 Ne1 42. e5 Nf3+
43. Kh1 Nxe5 44. d4 Nd3 45. d5 {
1-0 Pliester,L-Sveshnikov,E/Gausdal Int 1992/TD 92\08}) 3. Nc3 $146 (3. b3 e6
4. Bb2 Be7 5. e3 O-O 6. Bd3 Nc6 7. O-O d5 8. Nc3 b6 9. Qe1 Bb7 10. Qg3 Nb4 11.
Ne1 Rc8 12. a3 Nxd3 13. Nxd3 d4 14. Ne2 Ne4 15. Qh3 Bf6 16. Rfd1 dxe3 17. Bxf6
Qxf6 {Nautsch,W-Chandler,M/BL 8081 1981/BL 80/0-1 (38)}) (3. g3 Nc6 4. d3 d5 5.
Bg2 Bf5 6. e3 g6 7. Qe2 Bg7 8. Nbd2 Nb4 9. Nb3 c4 10. Qd2 Qb6 11. Nbd4 cxd3 12.
c3 Ne4 13. Qd1 d2+ 14. Nxd2 Nd3+ 15. Kf1 Ndf2 {
0-1 Becx,C-Schmittdiel,E/Bern op 1994/TD 94\02}) (3. d3 Nc6 (3... d5 4. e3 b6 (
4... Nc6 5. Be2 e6 6. O-O Bd6 7. Qe1 e5 8. fxe5 Nxe5 9. h3 Qe7 10. d4 Nxf3+ 11.
Bxf3 Bc7 12. Qf2 O-O 13. Nc3 Be6 14. e4 dxe4 15. Nxe4 Nxe4 16. Bxe4 cxd4 17.
Bxb7 Rab8 18. Bf3 Qd6 19. Rd1 Qh2+ 20. Kf1 Rfe8 21. b3 Bc8 22. Bd5 Ba6+ 23. Bc4
Bxc4+ 24. bxc4 Rb6 25. Rd3 Qh1+ 26. Qg1 Re1+ {
0-1 Schlueter,W-Podlesnik,B/Mitropa-Cup Aosta 1988/TD 88\10}) 5. Be2 e6 6. O-O
Be7 7. Qe1 O-O 8. Ne5 Bb7 9. Nd2 Nbd7 10. Ndf3 Nxe5 11. Nxe5 Ne8 12. Qg3 f6 13.
Ng4 Nd6 14. Bd2 Rc8 15. Nf2 a5 16. a4 Qd7 17. Qh3 Bc6 18. b3 {
Mueller,E-Sutterer,R/Donaueschingen MB 1985/GER 04/0-1 (43)}) 4. e4 d6 5. Be2
e6 6. O-O Be7 7. Qe1 O-O 8. h3 h6 9. g4 Nh7 10. Nc3 Nd4 11. Bd1 a6 12. Be3 Bf6
13. Bxd4 cxd4 14. Ne2 e5 15. c4 {
1-0 Szlabey,G-Somasundram,J/Balatonbereny op 1996/EXP 53}) 3... g6 (3... d5 4.
e3 $11) 4. e4 d6 {Secures e5} 5. Bb5+ Nfd7 6. O-O (6. d4 Bg7 $11) 6... a6 7.
Bxd7+ Nxd7 {Black should quickly conclude development.} 8. b3 Bg7 9. Bb2 O-O
10. Rb1 Nf6 11. d3 e6 {Controls d5} 12. e5 {This push gains space} Nh5 13. Qd2
dxe5 14. fxe5 f5 15. exf6 {He broke from his leash} Nxf6 ({Inferior is} 15...
Qxf6 16. Na4 Qd8 17. Bxg7 (17. Nxc5 Bxb2 18. Rxb2 Rxf3 19. Rxf3 Qd4+ 20. Qf2
Qxb2 21. Rf8+ Kg7 $17) 17... Nxg7 18. Nxc5 $16) 16. Qe3 Ng4 17. Qxc5 $4 $19 {
a transit from better to worse} (17. Qe4 $142 {the rescuing straw} Nf6 18. Qh4
$11) 17... Rxf3 $1 {a convincing end} 18. Rxf3 $2 (18. Na4 b6 19. Qxb6 Qxb6+
20. Nxb6 Bxb2 21. Rxb2 (21. Nxa8 $4 {White will regret his greed} Bd4+ 22. Rf2
Rxf2 23. c3 Be3 24. Rf1 Rf5+ 25. Rf2 Rxf2 26. g3 Bb7 27. d4 Rf4#) (21. gxf3 $4
{going for material but overlooking...} Bd4+ 22. Kh1 Bxb6 $19) 21... Rxf1+ 22.
Kxf1 $19) 18... Bd4+ 19. Qxd4 {
White is forced to give material back. The mate threat is Qxd8} Qxd4+ 20. Kh1
Nf2+ 21. Kg1 (21. Rxf2 {a fruitless try to alter the course of the game} Qxf2
22. Rc1 b6 $19) 21... Nd1+ (21... Nd1+ 22. Kh1 Nxc3 $19) 0-1